Datum a čas kvízu
23
Celkem bodů
Celkový počet nahraných bodů na tomto kvízu bez doplňovacích otázek.
15.
Pořadí na kvízu
Konečné umístění týmu na tomto kvízu.
Zaznamenané odpovědi
| # | Otázka | Odpověď | Body | Výsledky |
|---|---|---|---|---|
| 1. | Ve středu přijali poslanci nov... | přiosvojení | 0 | |
| 2. | Dlouholetý kariérní diplomat a... | Kuba | 0 | |
| 3. | Česká národní banka vydala stř... | Bedřich Smetana | 0 | |
| 4. | Společnost Euronet, která prov... | Janek Rubeš | 0 | |
| 5. | Který zahraniční fotbalista do... | Cristiano Ronaldo | 1 | |
| 6. | Napište český i latinský název... | kost stehenní, femur (os femoris) | 1 | |
| 7. | Ve kterém českém městě najdeme... | v Brně | 0 | |
| 8. | Antropoložce Brennanové, hlavn... | Temperance | 0 | |
| 9. | Kterému zvířeti patří tato kos... | hrochovi | 1 | |
| 10. | V září roku 2012 byla pod park... | Richard III. | 0 |